Diseño de 501.11 metros de pavimento articulado, por el método AASHTO 93, en el barrio Alfredo Lazo en el municipio de Estelí, departamento de Estelí

El presente estudio diseño de 501.11 metros de pavimentos articulado, por el método AASHTO 93, en el barrio Alfredo Lazo en el municipio de Estelí, presenta la información básica y los criterios necesarios para el diseño de la estructura de pavimento con adoquín aplicando el método AASHTO 93...

Full description

Bibliographic Details
Main Author: Molina Rivera, Ángel Serafín
Other Authors: Tutor: Reyes Romero, Claudia Verónica
Format: Tesis Section = Libro
Language:Undetermined
Spanish
Published: Managua UNI 2015
Subjects:
LEADER 01108nam a2200241Ia 4500
008 240830s9999 xx 000 0 und d
040 |a BIBLIOTECA-RUPAP T.Mon 625.85 M722 
041 |a spa 
082 |a T.Mon 625.85 M722 
100 1 |a Molina Rivera, Ángel Serafín 
245 1 0 |a Diseño de 501.11 metros de pavimento articulado, por el método AASHTO 93, en el barrio Alfredo Lazo en el municipio de Estelí, departamento de Estelí 
260 |a Managua  |b UNI  |c 2015 
300 |a 65 p. :il. 
500 |a Contiene: anexos y CD. 
502 |a Tesis (Ingeniero Civil)- UNI, 2015. 
520 3 |a El presente estudio diseño de 501.11 metros de pavimentos articulado, por el método AASHTO 93, en el barrio Alfredo Lazo en el municipio de Estelí, presenta la información básica y los criterios necesarios para el diseño de la estructura de pavimento con adoquín aplicando el método AASHTO 93. 
650 7 |a PAVIMENTOS-DISEÑO 
650 7 |b PAVIMENTOS FLEXIBLES 
650 7 |c ASFALTO 
700 1 |a Tutor:  |b Reyes Romero, Claudia Verónica 
942 |c BK  |2 ddc 
991 |a TESIS 
999 |c 18371